Classical Mechanics (Record no. 7668)

000 -LEADER
fixed length control field 00527 a2200181 4500
020 ## - INTERNATIONAL STANDARD BOOK NUMBER
International Standard Book Number 8177582836
040 ## - CATALOGING SOURCE
Original cataloging agency DLC
Language of cataloging DLC
082 ## - DEWEY DECIMAL CLASSIFICATION NUMBER
Classification number 531
100 ## - MAIN ENTRY--PERSONAL NAME
Personal name Goldstein, Herbert.
245 ## - TITLE STATEMENT
Title Classical Mechanics
Statement of responsibility, etc. Goldstein,
250 ## - EDITION STATEMENT
Edition statement 3ed ed
260 ## - PUBLICATION, DISTRIBUTION, ETC.
Place of publication, distribution, etc. New Delhi :
Name of publisher, distributor, etc. Pearson Education Inc.
Date of publication, distribution, etc. c2006.
300 ## - PHYSICAL DESCRIPTION
Extent xviii, 638 p.
Other physical details : ill.
Dimensions ; 24 cm
500 ## - GENERAL NOTE
General note Includes bibliographical references and index
650 ## - SUBJECT ADDED ENTRY--TOPICAL TERM
Topical term or geographic name entry element Mechanics, Analytic.
700 ## - ADDED ENTRY--PERSONAL NAME
Personal name 1.Poole, Charles P.2.Safko, John L.
942 ## - ADDED ENTRY ELEMENTS (KOHA)
Koha item type Book
Call number prefix 531 GOL
Source of classification or shelving scheme
Holdings
Withdrawn status Lost status Damaged status Not for loan Collection code Permanent Location Current Location Shelving location Date acquired Source of acquisition Cost, normal purchase price Total Checkouts Total Renewals Full call number Barcode Date last seen Date last checked out Price effective from Koha item type
          Central Library (CL) Central Library (CL) General Stacks 06/17/2006 Allied Book Company 324.00 10 3 531 GOL SEECS007461 02/17/2026 01/25/2026 01/05/2017 Book
          Central Library (CL) Central Library (CL) General Stacks 06/17/2006 Allied Book Company 324.00 14 4 531 GOL SEECS007460 06/05/2025 05/21/2024 01/05/2017 Book
          Central Library (CL) Central Library (CL) General Stacks 06/17/2006 Allied Book Company 324.00 10 2 531 GOL SEECS007459 04/14/2025 02/06/2025 01/05/2017 Book
© 2023 Central Library, National University of Sciences and Technology. All Rights Reserved.